000 00557nam a22001817a 4500
003 OSt
005 20171025192055.0
008 171025b xxu||||| |||| 00| 0 eng d
040 _aLDCLIB
_cLDCLIB
082 _222
_a342.02
_bSAF
245 _aSafeguards for the New Uganda Constitution /
_cedited by Joseph M.N. Kakooza.
260 _aKampala, Uganda :
_bFoundation for Afrian Development,
_cc1991.
300 _a414 p. ;
_c23 cm.
440 _aAfrican development series
_nNo.6
650 _aConstitution
700 _aKakooza, Joseph M.N.
942 _2ddc
_cBK
999 _c8533
_d8533